LEADER 03275nam 2200673 450 001 000005123 005 20060719151409.0 010 $a3-7182-9663-2$bVol. 3 010 $a3-7182-9662-4$bVol. 2 010 $a3-7182-9661-6$bVol. 1 100 $a20000920d1993----km-y0itay0103----ba 101 0 $agrc 102 $aDE 200 1 $aConcordantia in Appianum$dConcordance d'Appien$féditée par Etienne Famerie$gavec la collaboration du CETEDOC (Université catholique de Louvain) et du Departement des sciences de l'antiquite (Université de Liège) 200 1 $a1 $n0007187 210 $aHildesheim ; ZÉurich ; New York$cOlms-Weidmann$d1993 215 $a3 v.$d30 cm. 225 1 $aAlpha-omega$iReihe A, Lexika Indizes Konkordanzen zur klassischen Philologie$v133.1-3$x0175-9086 300 $aDoppio frontespizio 327 1 $a<> Index des lemmes. Concordance abalas-eis. -- XXXII, P. 1-698$a<> Heis-ou. - P. 699-1424$a<> Hou-ôphelimos. - P. 1425-2149 676 $a888.0108$9Miscellanea greca. Origini-500 ca. Letteraura in prosa 700 1$aFamerie,$bEtienne$0173222 701 0$aAppianus$f<2. sec.>$0169051 712 02$aUniversité catholique $b: CETEDOC [Centre de traitement électronique des documents] 712 02$aUniversité $b: Département des sciences de l'antiquité 801 0$aIT$bUniversità della Basilicata - B.I.A.$gRICA$2unimarc 912 $a000005123 996 $aConcordantia in Appianum$974618 997 $aUNIBAS BAS $aLETTERE CAT $aFRANCO$b05$c20000724$lBAS01$h1528 CAT $aFRANCO$b05$c20000724$lBAS01$h1638 CAT $aFRANCO$b05$c20000725$lBAS01$h1459 CAT $aDILEO$b01$c20000726$lBAS01$h1650 CAT $aDILEO$b01$c20000726$lBAS01$h1715 CAT $aDILEO$b01$c20000727$lBAS01$h1241 CAT $aDILEO$b01$c20000728$lBAS01$h0928 CAT $aDILEO$b01$c20000731$lBAS01$h1213 CAT $aFRANCO$b05$c20000801$lBAS01$h1316 CAT $aFRANCO$b05$c20000801$lBAS01$h1328 CAT $aFRANCO$b05$c20000803$lBAS01$h1041 CAT $c20000913$lBAS01$h1426 CAT $aDILEO$b20$c20000920$lBAS01$h1005 CAT $c20000920$lBAS01$h1833 CAT $c20001010$lBAS01$h1636 CAT $aDILEO$b20$c20010808$lBAS01$h1316 CAT $c20050601$lBAS01$h1753 CAT $abatch$b01$c20050718$lBAS01$h1048 CAT $c20050718$lBAS01$h1107 CAT $c20050718$lBAS01$h1137 CAT $c20050718$lBAS01$h1152 CAT $aATR$b20$c20060719$lBAS01$h1514 CAT $aBATCH$b00$c20070503$lBAS01$h1736 CAT $aBATCH$b00$c20180801$lBAS01$h1239 FMT Z30 -1$lBAS01$LBAS01$mBOOK$1BASA1$APolo Storico-Umanistico$2GEN$BCollezione generale$3SL/84434$9PSU.888.010 FAMc1 1$684434$5L84434$820000801$b1$eP. 1-698$f98$FConsultazione$hvol 1 Index des lemmes. Concordance Z30 -1$lBAS01$LBAS01$mBOOK$1BASA1$APolo Storico-Umanistico$2GEN$BCollezione generale$3SL/84435$9PSU.888.010 FAMc2 1$684435$5L84435$820000801$b2$eP. 699-1424$f98$FConsultazione$h Heis-ou Z30 -1$lBAS01$LBAS01$mBOOK$1BASA1$APolo Storico-Umanistico$2GEN$BCollezione generale$3SL/84436$9PSU.888.010 FAMc3 1$684436$5L84436$820000801$b3$eP. 1425-2149$f98$FConsultazione$hHou-ôphelimos all $aall $n0009520